000 00543nam a22001457a 4500
008 110427t xxu||||| |||| 00| 0 eng d
020 _a0566024233
082 _a347.09 GIN
100 _aGinnings, Arthur T.
_91926
245 _aArbitration :
_bA Practical Guide.
_cArthur T. Ginnings /
260 _aLondon :
_bGower Publishing Company Limited.
_c1984.
300 _axiii, 191p.;
_c24 cm.
942 _2ddc
_cBK
999 _c664
_d664